00636nam a22001817a 450000500170000001000150001702000260003203500140005803700130007208200080008510000180009324501510011125000110026226000310027327000690030430000310037350000500040420150921120450.0 aENG-113738 a9788120351332c595.00 aEN- 97270 bDBAD/PUB a621 aSawhney, G.S. aFundamentals of mechanical engineering :cby G.S. Sawhneybthemodynamics, mechanics, theory of machines, strengh of materials and fluid dynamics / a3ed ed aDelhibPHI Learning c2015 aRimjhim House, 111, Patparganj Industrial Estate,bDelhie110092 ax,938p. :c25cm(pbk)bill. aIncludes bibliographical references and index